Holiday Quiz

Random Holiday or Disney Quiz

Disney Princesses Halloween Costumes Quiz Stats

 Plays Quiz not verified by Sporcle

Challenge
Share
Tweet
Score 0/11 Timer 10:00
0 Plays Today
% Correct
Belle as Hermione
90.8%
Snow White as Wonder Woman
86.4%
Pocahontas as Katniss
73.2%
Ariel as Black Widow
70.5%
Rapunzel as Sailor Moon
66.7%
Mulan as Xena
65.8%
Merida as Rogue
43.8%
Cinderella as Annabeth
35.5%
Tiana as Korra
23.9%
Aurora as Daenerys
23.4%
Jasmine as Chan Li
10.3%

You're not logged in!

Compare scores with friends on all Sporcle quizzes.
Join for Free
OR
Log In

You Might Also Like...

Show Comments

Extras

Top Quizzes Today


Score Distribution

Your Account Isn't Verified!

In order to create a playlist on Sporcle, you need to verify the email address you used during registration. Go to your Sporcle Settings to finish the process.

Report this User

Report this user for behavior that violates our Community Guidelines.

Details: